| 000 | 00461nam a2200169Ia 4500 | ||
|---|---|---|---|
| 003 | LK-CoDNM | ||
| 008 | 010623t2010 xxu||||| |||| 00| 1 sin d | ||
| 040 |
_aLK-CoDNM _dLK-CoDNM _eLK-CoDNM |
||
| 041 | _asin | ||
| 080 | _a133.52 VIT | ||
| 100 | _aVitharana,Ariyarathna | ||
| 245 | _aදිව්යමය සුබ මුහුර්ත | ||
| 246 | _aDivyamaya Suba Muhurtha | ||
| 260 |
_bAuthor _aMathara _c2010 |
||
| 300 | _b156,xx, 21 cm | ||
| 942 | _cBK | ||
| 999 |
_c129890 _d129890 |
||